000 00776nmc a2200301 a 4500
003 AR-BaBNM
005 20251128211458.0
008 214020s1997 ||||||||||||||000 | spa||
020 _a84-88817-11-8
040 _cAR-BaBNM
245 1 0 _aJuventud y solidaridad
_bnuevas utopías para una sociedad en cambio
260 _aMadrid
_bComunica
_c1997
300 0 _a236 p.
490 0 _aUtopos
650 4 _aDEMOCRACIA
650 4 _aPROBLEMAS SOCIALES
650 4 _aFAMILIA
650 4 _aJUVENTUD
650 4 _aDERECHOS HUMANOS
650 4 _aTRABAJO
650 4 _aEDUCACION
651 4 _aAmérica Latina
653 0 _aEQUIDAD
700 1 _aFraerman, Alicia
_eeditor
700 1 _aRodríguez Ibarra, Juan Carlos
_eprologuista
942 _cBK
998 _cmariana
999 _c19818
_d19818